MyGZULibrary

Emfuleni wezinyembezi / (Record no. 4842)

MARC details
000 -LEADER
fixed length control field 00860cam a22002897a 4500
001 - CONTROL NUMBER
control field 2085491
003 - CONTROL NUMBER IDENTIFIER
control field GZU
005 - DATE AND TIME OF LATEST TRANSACTION
control field 20210324115928.0
008 - FIXED-LENGTH DATA ELEMENTS--GENERAL INFORMATION
fixed length control field 951207s1992 rh 000 0 nde
010 ## - LIBRARY OF CONGRESS CONTROL NUMBER
LC control number 94982819
020 ## - INTERNATIONAL STANDARD BOOK NUMBER
International Standard Book Number 1779010141
040 ## - CATALOGING SOURCE
Original cataloging agency DLC
Transcribing agency DLC
042 ## - AUTHENTICATION CODE
Authentication code lcode
050 00 - LIBRARY OF CONGRESS CALL NUMBER
Classification number PL8681.4 HLE 1992
100 1# - MAIN ENTRY--PERSONAL NAME
Personal name Hleza, Ezekiel S. K.,
Dates associated with a name 1963-
245 10 - TITLE STATEMENT
Title Emfuleni wezinyembezi /
Statement of responsibility, etc. Ezekiel S.K. Hleza.
260 ## - PUBLICATION, DISTRIBUTION, ETC.
Place of publication, distribution, etc. Harare, Zimbabwe :
Name of publisher, distributor, etc. Zimbabwe Pub. House,
Date of publication, distribution, etc. 1992.
300 ## - PHYSICAL DESCRIPTION
Extent 111 p. ;
Dimensions 19 cm.
440 #0 - SERIES STATEMENT/ADDED ENTRY--TITLE
Title ZPH writers series ;
Volume/sequential designation 45
520 ## - SUMMARY, ETC.
Summary, etc. A novel.
546 ## - LANGUAGE NOTE
Language note In Ndebele.
650 #0 - SUBJECT ADDED ENTRY--TOPICAL TERM
Topical term or geographic name entry element Ndebele fiction (Zimbabwe)
650 #0 - SUBJECT ADDED ENTRY--TOPICAL TERM
Topical term or geographic name entry element Ndebele language (Zimbabwe)
Form subdivision Texts.
906 ## - LOCAL DATA ELEMENT F, LDF (RLIN)
a 7
b cbc
c origode
d u
e ncip
f 19
g y-gencatlg
942 ## - ADDED ENTRY ELEMENTS (KOHA)
Source of classification or shelving scheme Library of Congress Classification
Koha item type Books
Classification part 8681.4
Item part HLE
Call number prefix PL
Call number suffix 1992
Holdings
Withdrawn status Lost status Damaged status Not for loan Collection code Home library Current library Shelving location Date acquired Total Checkouts Full call number Barcode Date last seen Copy number Price effective from Koha item type
        Fiction City Campus Library City Campus Library General Stacks 03/24/2021   PL8681.4 HLE 1992 G21881 03/24/2021 c.1 03/24/2021 Books